Vampire Diaries Character Surnames - Statistics

General Stats
  • This quiz has been taken 786 times
  • The average score is 13 of 15
Answer Stats
Hint Answer % Correct
Elena Gilbert
100%
Stefan Salvatore
98%
Damon Salvatore
98%
Caroline Forbes
97%
Bonnie Bennett
96%
Matt Donovan
96%
Tyler Lockwood
96%
Katherine Pierce
94%
Alaric Saltzman
93%
Rebekah Mikaelson
92%
Klaus Mikaelson
92%
Lexi Branson
69%
April Young
68%
Atticus Shane
60%
Connor Jordan
29%
No matching quizzes found
Score Distribution
Percent of People with Each Score
Percentile by Number Answered
Your Score History
You have not taken this quiz